000 00242nam a2200097Ia 4500
001 759918
005 20250826165138.0
008 250824s9999 xx 000 0 und d
245 0 _aYALAN MAKİNESİ
_cJAMES HALPERIN
260 _bKORİDOR YAYINLARI
999 _c759918
_d759918